00299nam a2200121Ia 4500008004100000100002200041245003000063260003400093300000900127650001700136942000700153999001700160190216s9999||||xx |||||||||||||| ||und|| aLaurence Houseman 0aVictoria Queen Of England bOxford University Pressc1963 a121p aPlays Retold cBK c13267d13267